Представление документа в формате RUSMARC

Поле Инд. ПП Название Значение
Тип записи a
Библиографический уровень a
001 Контрольный номер ed0979426fe449a98f1aa88153499f7f
005 Дата корректировки 20181124200622.8
100 a Данные общей обработки 20181107 ||| 0rusy0189 ca
101 0_ a Язык текста rus
102 a Страна публикации RU
200 1_ f Первые сведения об ответственности В.А. Лимонцева, А.Е. Симонова
a Заглавие К вопросу о справедливости в правоприменении. Международные и внутригосударственные правовые аспекты защиты прав
b Общее обозначение материала Текст
210 d Дата издания 2017
461 _0 1 2000
a Закон и право
463 _0 1 2000
a №12
v С. 24-27
1 2101
d 2017
1 0010a3b4babab62408c931f971106ee29f1
606 a Основная рубрика Общая теория права
610 0_ a Ключевые слова ТЕОРИЯ ПРАВА
a Ключевые слова ПРИНЦИПЫ ПРАВА
a Ключевые слова ПРАВОПРИМЕНЕНИЕ
a Ключевые слова ЗАЩИТА ПРАВ И СВОБОД
700 _1 a Фамилия Лимонцева
b Имя В.А.
701 _1 a Фамилия Симонова
b Имя А.Е.
801 _0 a Страна RU
b Организация РГУП
c Дата составления 20181107
g Правила каталогизации PSBO
801 _1 a Страна RU
b Организация РГУП
c Дата составления 20181107
g Правила каталогизации PSBO
901 t Тип документа b
w Контрольный № источника 0a3b4babab62408c931f971106ee29f1
905 a Дата ввода 20181107